000 00909nam a2200253Ia 4500
003 OSt
005 20220923213034.0
006 a|||||r|||| 00| 0
007 ta
008 220922b |||||||| |||| 00| 0 hin d
024 _a158,542
037 _cTextual
040 _aARTS
_cARTS
_bhin
041 _2hin
_ahin
082 _aO152,3x, J9
100 _aमाचवे, प्रभाकर, संपा.
_9156370
245 0 _aबरह कदम
_b चुनी हूई हिन्दी कहानियॉ
246 _aBarah kadama: chunī hūī hindī kahāniyaॉ
260 _aबम्बई
_b मैकमिलन एण्ड कम्पनी
_c1959
300 _a178 पृ.
_ccm.
650 _aहिन्दी साहित्य
_9156264
942 _hO152,3x, J9
_cTEXL
_2CC
999 _c313320
_d313320